000 00548nam a2200205Ia 4500
005 20250923145650.0
008 008 250917s9999 xx 000 0 eng d
037 _aTextual
040 _aDSWL
_beng
_cDSWL
041 _aeng
_2eng
084 _aSZ:f, N84
_qDSWL
100 _aSayer, A.
_9837718
245 0 _aMethod in social science
_c by A.Sayer
260 _aLondon
_bHutchinson
_c1984
300 _aviii,124 p.
365 _aINR
_b98.83
925 _g98.83
942 _cTEXL
_hSZ:f, N84
999 _c1454121
_d1454121